000
00210nam a2200085Ia 4500
008
170620s9999 xx 000 0 und d
100
_a
N.C.E.R.T
245
0
_a
Inservice Teacher Education Package
260
_b
New Delhi-NCERT
260
_c
1997
999
_c
25166
_d
25166